Princess Party : (Record no. 16372)

MARC details
000 -LEADER
fixed length control field 01784ngm a2200337 4500
003 - CONTROL NUMBER IDENTIFIER
control field dpl
005 - DATE AND TIME OF LATEST TRANSACTION
control field 20080723110517.0
007 - PHYSICAL DESCRIPTION FIXED FIELD--GENERAL INFORMATION
fixed length control field DVD
008 - FIXED-LENGTH DATA ELEMENTS--GENERAL INFORMATION
fixed length control field ||||||sp199 xxu|||||c|||| 00| 0 eng d
010 ## - LIBRARY OF CONGRESS CONTROL NUMBER
LC control number DVD-000829-831
024 ## - OTHER STANDARD IDENTIFIER
Standard number or code A3939
Terms of availability 499.00
035 ## - SYSTEM CONTROL NUMBER
System control number DVD-000829-831
040 ## - CATALOGING SOURCE
Original cataloging agency DPL
Transcribing agency DPL
082 ## - DEWEY DECIMAL CLASSIFICATION NUMBER
Classification number DVD / PRIN
245 ## - TITLE STATEMENT
Title Princess Party :
Statement of responsibility, etc Walt Disney Home Entertainment
Medium [videorecording] DVD/
Remainder of title Volume Two
246 ## - VARYING FORM OF TITLE
Title proper/short title .
260 ## - PUBLICATION, DISTRIBUTION, ETC. (IMPRINT)
Name of publisher, distributor, etc Walt Disney Home Entertainment
300 ## - PHYSICAL DESCRIPTION
Extent 2 videodisc DVD; (120 min.) :
Other physical details sd., col. ;
Dimensions 4 3/4 in.
Type of unit DVD
440 ## - SERIES STATEMENT/ADDED ENTRY--TITLE
Title Walt Disney Home Entertainment
500 ## - GENERAL NOTE
General note Sole Distributor in India M/s. Excel Productions Autio Visuals Pvt. Ltd.
500 ## - GENERAL NOTE
General note Stories, Music, Games and More. 2 animated Stories, "Where Dream Begin" Music Video, Princess Pajama Jam, Belle's Mixed-Up Stories
500 ## - GENERAL NOTE
General note This DVD is Copy Protected
538 ## - SYSTEM DETAILS NOTE
System details note Dolby Digital 2.0 -English, Thai Subtitles: English, Korean, Chinese, Bahasa, Thai
538 ## - SYSTEM DETAILS NOTE
System details note Aspect Ratio: 1.33:1, Presentation type: Full Frame, Presentation Size 4x3, Format DVD 9 Dual Layer Single Sided Disc.
650 ## - SUBJECT ADDED ENTRY--TOPICAL TERM
Topical term or geographic name as entry element Animated Movie
942 ## - ADDED ENTRY ELEMENTS (KOHA)
Koha item type CD-ROMs, DVDs, VHS
Source of classification or shelving scheme Dewey Decimal Classification
Classification part DVD
Call number suffix PRIN
Holdings
Withdrawn status Lost status Source of classification or shelving scheme Damaged status Not for loan Home library Current library Date acquired Source of acquisition Cost, normal purchase price Total Checkouts Total Renewals Full call number Barcode Date last seen Date checked out Copy number Cost, replacement price Price effective from Koha item type
    Dewey Decimal Classification     Central Library Central Library 08/10/2008 Purchase 499.00 6 2 DVD PRIN DVD-000829 07/06/2012 15/05/2012 1 499.00 08/10/2008 CD-ROMs, DVDs, VHS
    Dewey Decimal Classification     Patel Nagar Patel Nagar 08/10/2008 Purchase 499.00 11   DVD PRIN DVD-000831 06/06/2012 21/05/2012 1 499.00 08/10/2008 CD-ROMs, DVDs, VHS
    Dewey Decimal Classification     Sarojini Nagar Sarojini Nagar 08/10/2008 Purchase 499.00 24   DVD PRIN DVD-000830 07/07/2014 04/06/2014 1 499.00 08/10/2008 CD-ROMs, DVDs, VHS

© Delhi Public Library
Hit Counter
free hit counter